University Home | Library Home | Institutional Repository

The human biology of aborigines in Cape York. (Record no. 95778)

MARC details
000 -LEADER
fixed length control field 00438cam6a220016900 4500
001 - CONTROL NUMBER
control field tmp15759315
003 - CONTROL NUMBER IDENTIFIER
control field UPRA
005 - DATE AND TIME OF LATEST TRANSACTION
control field 20190819091658.0
008 - FIXED-LENGTH DATA ELEMENTS--GENERAL INFORMATION
fixed length control field 951023s1973 xx eng u
035 ## - SYSTEM CONTROL NUMBER
System control number (Sirsi) r42389
035 ## - SYSTEM CONTROL NUMBER
System control number (UPRA)tmp15759315
040 ## - CATALOGING SOURCE
Transcribing agency UPRA
245 04 - TITLE STATEMENT
Title The human biology of aborigines in Cape York.
260 ## - PUBLICATION, DISTRIBUTION, ETC.
Date of publication, distribution, etc. 1973.
949 ## - LOCAL PROCESSING INFORMATION (OCLC)
a QP33.5
w lcc
i 33729000294111
m MAIN
p 2500
t BOOK
l ON-SHELF

No items available.

© 2026 - The University of Zambia Library - Koha v25.11